| 000 | 00779cam a22002411 4500 | ||
|---|---|---|---|
| 001 | 000012834 | ||
| 005 | 20200929163102.0 | ||
| 008 | 780607m19709999pn b 000 0 spa | ||
| 010 | _a75401230 | ||
| 040 |
_aDO-SdBNP _cDLC _dDLC |
||
| 043 | _ancpn--- | ||
| 050 | 0 | 0 |
_aKGH1789 _b.F337 1970 |
| 100 | 1 |
_aFabrega P., Jorge. _96838 |
|
| 245 | 1 | 0 |
_aApuntes de derecho de trabajo, / _cpor Jorge Fabrega P. |
| 260 |
_aPanama, _c1970-. |
||
| 300 |
_av. ; _c23 cm. |
||
| 500 | _aVol. 1 has also cover title: Relacion individual. | ||
| 504 | _aIncludes bibliographical references. | ||
| 505 | 1 | _at. 1. Derecho individual de trabajo. | |
| 650 | 0 |
_aLabor laws and legislation _zPanama. _929684 |
|
| 650 | 0 |
_aLabor laws and legislation. _929685 |
|
| 910 | _aCatalogación por copia / LC | ||
| 999 |
_c12483 _d12483 |
||